000 00579nam a2200193 a 4500
001 000012874
005 20240412074235.0
008 091118s1990 dr 000 j spa d
040 _aDO-SdBNP
_bspa
_cBNPHU
082 _aRD863.44
_bP324e
100 1 _aPaula, Julián
_929746
245 1 0 _aEstos cuentos que te cuento /
_cJulián Paula.
260 _aSanto Domingo :
_bTaller,
_c1990.
300 _a74 p. ;
_c21 cm.
590 _aInventariado, 2020/BT
650 0 _aCuentos dominicanos
_9176
650 0 _aLiteratura dominicana.
_967
910 _aValidado. Control de calidad MFF
999 _c12522
_d12522